00662nam a2200181Ia 4500008004100000020002200041082001600063100001800079245010200097250000600199260002700205300001100232500002600243650002000269700006900289952010500358999001700463120629s9999 xx 000 0 und d a978-970-10-6123-7 a615.1 H674i aHitner, Henry aIntroducción a la farmacología / Henry Hitner, Barbara Nagle, Guillermina Féher de la Torre a5 aMéxico : McGraw Hill a598 p. aÍndice alfabético a1. FARMACOLOGIA aNagle, Barbara; coaut. \ Féher de la Torre, Guillermina;tr.Ì 00104070a15b15d2010-08-02l1o615.1 H674Ip15 004347r2017-12-07s2014-11-14t1w2012-06-28yLB c77302d77302